[Event "Elite Hotels Open 2019"]
[Site "Vaxjo"]
[Date "2019.02.08"]
[Round "3.14"]
[White "Hector, Jonny"]
[Black "Torngren, Gustav"]
[Result "1-0"]
[WhiteElo "2488"]
[BlackElo "2057"]
[Annotator "TA"]
[PlyCount "97"]
[EventDate "2019.02.08"]
[EventType "swiss"]
[EventCountry "SWE"]
[SourceTitle "playchess.com"]
[Source "ChessBase"]
[SourceQuality "1"]

{[%evp 9,97,0,8,0,41,45,27,7,14,6,30,23,44,43,27,38,73,53,76,66,100,97,143,138,139,149,162,125,140,150,181,141,272,273,273,270,302,309,396,326,500,490,558,551,625,602,621,622,558,551,5054,4825,4937,4937,2703,1924,4833,2591,29979,29980,29980,29981,29981,29982,29982,29983,29983,29984,29986,29985,29984,29983,29983,29982,29982,29983,29983,29983,29983,29984,29984,29985,29985,29986,29986,29987,29988,29989,29989,29989]} 1. d4 e6 2. e4 d5 3. Nc3 Bb4 4. Nge2 dxe4 5. a3 Be7 (5... Bxc3+ $5 6. Nxc3 Nc6 $11) 6. g4 {C15: French: 3 Nc3 Bb4: Unusual White 4th moves} (6. Nxe4 Nf6 7. Nxf6+ Bxf6 8. Be3 O-O 9. Qd2 b6 10. O-O-O Bb7 11. h4 Nd7 12. Nf4 Be7 13. h5 Nf6 14. f3 Qc8 15. Qf2 Rd8 {0-1 (33) Jobava,B (2703)-Ivanchuk,V (2757) Leuven 2017}) 6... c5 7. Nxe4 Nc6 $146 {[%cal Rc5d4]} ({Predecessor:} 7... cxd4 8. Qxd4 Qxd4 9. Nxd4 a6 10. Bg2 e5 11. Nf5 Bxf5 12. gxf5 Nd7 13. Bd2 O-O-O {1-0 (36) Hector,J (2556)-Heinz,A (2436) Nuremberg 2009}) 8. dxc5 {next Qxd8+ is good for White.White has an edge.} Qxd1+ 9. Kxd1 Ne5 10. h3 Nf6 11. Nxf6+ gxf6 12. f4 Nc6 13. Be3 $36 {[%mdl 2048] White has good play.} h5 14. Bg2 e5 15. f5 hxg4 16. hxg4 Rxh1+ 17. Bxh1 Bd7 18. Ke1 O-O-O 19. Kf2 Rh8 20. Bf3 Kc7 (20... Na5 $16) 21. Rh1 $18 Rxh1 22. Bxh1 Bf8 23. b4 {[%cal Bb2b4,Bb4b5,Bb5b6][%mdl 32]} a5 24. Nc3 Ne7 (24... Bg7 {might work better.} 25. Nd5+ Kb8) 25. b5 Kc8 26. a4 Bxf5 27. gxf5 Nxf5 28. Ne4 Nxe3 29. Kxe3 Kc7 30. b6+ Kd7 31. Nxf6+ Ke6 32. Ne4 f5 33. Nd6 Bxd6 34. cxd6 {White mates.} Kxd6 35. Bxb7 {[%mdl 4096] Endgame KB-K3P} Kc5 36. Bc8 f4+ 37. Ke4 Kxb6 38. Kd5 f3 39. Bh3 e4 40. Kxe4 Kc5 41. Kxf3 {KB-KP} Kb4 42. Bd7 Kc3 43. Ke4 Kxc2 44. Kd4 Kd2 45. Kc4 Ke3 46. Kb5 Kd4 47. Bc6 Ke5 48. Kxa5 Kd6 49. Kb6 {Accuracy: White = 82%, Black = 32%.} 1-0

[Event "Elite Hotels Open 2019"]
[Site "Vaxjo"]
[Date "2019.02.08"]
[Round "3.15"]
[White "Golubka, Petro"]
[Black "Wernberg, Hugo"]
[Result "1-0"]
[WhiteElo "2471"]
[BlackElo "1994"]
[Annotator "TA"]
[PlyCount "79"]
[EventDate "2019.02.08"]
[EventType "swiss"]
[EventCountry "SWE"]
[SourceTitle "playchess.com"]
[Source "ChessBase"]
[SourceQuality "1"]

{[%evp 17,79,-35,0,3,48,39,38,8,208,220,208,177,193,103,218,206,205,189,326,324,327,308,316,323,320,295,321,322,319,314,322,277,320,264,283,277,302,282,337,308,363,359,326,295,360,341,378,379,372,366,398,385,422,347,372,372,910,869,896,914,1422,1381,1320,1250]} 1. e4 c5 2. Nf3 d6 3. d4 cxd4 4. Nxd4 Nf6 5. Nc3 a6 6. Bc4 e6 7. f4 b5 8. Bb3 Bb7 9. O-O Be7 10. e5 {B87: Sicilian Scheveningen/Najdorf: 6 Bc4, with early ...b5} (10. a3 Nbd7 11. Kh1 Nc5 12. e5 dxe5 13. fxe5 Nfe4 14. Nxe4 Bxe4 15. Ba2 O-O 16. c3 Qc7 17. Bf4 Rad8 {0-1 (48) Cruz,J (2432)-Santos Latasa,J (2536) Sitges 2017}) 10... Ne4 11. Nxe4 Bxe4 12. Qe2 {White is slightly better.} Bg6 $146 (12... d5 $1 $11 {and Black has nothing to worry.}) ({Predecessor:} 12... d5 13. Be3 Bc5 14. Kh1 Bxd4 15. Bxd4 Nd7 16. c3 O-O 17. Bc2 Bxc2 18. Qxc2 {0-1 (56) Olivares Olivares,C (2221)-Salinas Herrera,P (2351) Santiago de Chile 2012}) 13. f5 $18 exf5 14. Nxf5 O-O {[#]} 15. Bd5 (15. e6 $1 $18 Kh8 16. Bd5) 15... Ra7 (15... Bxf5 $16 {was worth a try.} 16. Bxa8 (16. Rxf5 Nc6 $16) 16... Be6) 16. Be3 Rc7 17. Bb6 $36 {[%mdl 2112] Skewer. White is on the roll.} (17. Nxd6 $6 Bxd6 18. exd6 Qxd6 $14) 17... dxe5 (17... Bxf5 {was called for.} 18. Rxf5 dxe5) 18. Qxe5 {[%csl Gf5][%cal Re5g7][%mdl 64] Double Attack, Pin} Bf6 19. Bxc7 ({Much less strong is} 19. Qxc7 Qxd5 20. Rad1 Qc6 $18) 19... Bxe5 20. Bxd8 Rxd8 21. Ne7+ Kh8 22. Nxg6+ ({But not} 22. Bxf7 $6 Bxc2 23. Rac1 Bd3 $18) 22... fxg6 23. c3 Nd7 24. Rae1 Bd6 25. Bb7 Nc5 26. Rf7 h6 27. g3 Nd3 28. Re2 Ne5 29. Rf1 a5 30. Kg2 Rb8 31. Bd5 b4 32. c4 Kh7 33. c5 Bc7 34. c6 Rb5 35. Be4 Rc5 36. Rc2 Nc4 $2 {[#]} (36... Rxc2+ 37. Bxc2 Nxc6) 37. Kh1 {White is clearly winning.} Bb6 38. Rfc1 Nd6 39. Rxc5 Nxe4 40. c7 {Accuracy: White = 67%, Black = 24%.} 1-0

[Event "Elite Hotels Open 2019"]
[Site "Vaxjo"]
[Date "2019.02.08"]
[Round "3.16"]
[White "Isaxon, Alf"]
[Black "Barkhagen, Jonas"]
[Result "0-1"]
[WhiteElo "1974"]
[BlackElo "2429"]
[Annotator "TA"]
[PlyCount "70"]
[EventDate "2019.02.08"]
[EventType "swiss"]
[EventCountry "SWE"]
[SourceTitle "playchess.com"]
[Source "ChessBase"]
[SourceQuality "1"]

{[%evp 19,70,0,0,-10,19,12,29,0,17,28,0,0,10,3,35,37,155,156,158,185,164,204,181,188,180,165,406,382,521,502,508,493,478,456,531,-652,-477,-653,-654,-631,-626,-608,-563,-577,-582,-582,-573,-574,-570,-562,-556,-530,-523]} 1. e4 c5 2. Nf3 d6 3. Nc3 Nc6 4. d4 cxd4 5. Nxd4 Nf6 6. Bc4 Qb6 7. Nb3 e6 8. Be3 Qc7 9. O-O a6 10. a4 b6 {LiveBook: 11 Games. B57: Classical Sicilian: Sozin with 6...Qb6} 11. Nd4 (11. f4 Be7 12. Be2 O-O 13. Bf3 Rb8 14. g4 Na5 15. g5 Nd7 16. Nd4 Re8 17. Bg2 Bf8 18. Kh1 g6 19. Qe1 Bb7 20. Rd1 Nc6 21. Qh4 Nxd4 22. Bxd4 {½-½ (43) Karthikeyan,M (2513)-Henriquez Villagra,C (2491) Barbera del Valles 2016}) 11... Ne5 12. Bb3 $146 ({Predecessor:} 12. Be2 Be7 13. f4 Nc4 14. Bxc4 Qxc4 15. e5 dxe5 16. fxe5 Nd5 17. Nxd5 Qxd5 18. c4 Qxe5 {0-1 (46) Hon Kah Seng,C-Chang,T Auckland 1977}) 12... Neg4 {The position is equal.} 13. Bg5 h6 (13... d5 {is more complex.} 14. e5 Qxe5 15. Nf3 Qf5 16. a5 Bc5) 14. Bh4 g5 ({Reject} 14... d5 $6 15. Bg3 $16) 15. Bg3 h5 {aiming for ...h4.} 16. h4 $36 {[%mdl 2048] White has good play.} gxh4 17. Bxh4 {Hoping for f3.} d5 ({Better is} 17... Be7 $14) 18. Bg3 $16 Bd6 {[#]} 19. Ncb5 $1 {[%mdl 512]} axb5 20. Nxb5 Bxg3 21. Nxc7+ Bxc7 22. exd5 {[%cal Be4d5,Bd5e6,Be6f7][%mdl 32]} Bb7 $2 (22... Ra5) 23. dxe6 $18 h4 24. exf7+ Kf8 {[#]} 25. f3 $1 {[%cal Rf3g4]} Bh2+ 26. Kh1 h3 27. Be6 $4 {[%mdl 8192]} (27. Qd2 $18 Be5 28. Qb4+ Kg7 29. Rae1) 27... hxg2+ $19 {Black is clearly winning.} 28. Kxg2 Ne3+ 29. Kf2 Nxd1+ 30. Raxd1 Bc7 31. Rh1 Rxh1 32. Rxh1 Ke7 33. Bb3 Bd5 34. Bxd5 Nxd5 35. Rh7 Rf8 {Precision: White = 52%, Black = 48%.} 0-1

[Event "Elite Hotels Open 2019"]
[Site "Vaxjo"]
[Date "2019.02.08"]
[Round "4.1"]
[White "Blomqvist, Erik"]
[Black "Bellon Lopez, Juan Manuel"]
[Result "0-1"]
[WhiteElo "2483"]
[BlackElo "2336"]
[Annotator "TA"]
[PlyCount "52"]
[EventDate "2019.02.08"]
[EventType "swiss"]
[EventCountry "SWE"]
[SourceTitle "playchess.com"]
[Source "ChessBase"]
[SourceQuality "1"]

{[%evp 9,52,61,74,77,120,99,103,100,116,80,79,72,85,81,217,205,204,191,190,189,184,125,113,118,129,101,189,172,162,161,159,162,241,240,373,378,374,529,352,-320,-324,-435,-432,-941,-846]} 1. e4 c5 2. Nf3 e6 3. c3 b6 4. d4 d6 (4... Bb7 5. Bd3 Ne7 6. Be3 Ng6 7. h4 Qc7 8. g3 h6 9. h5 Ne7 10. Na3 Nc8 11. Nb5 Qd8 12. Ne5 Nc6 13. Nxc6 dxc6 {0-1 (49) Zhigalko,S (2647)-Shabalov,A (2520) Jurmala 2016}) 5. Bd3 Nd7 6. O-O {B40: Sicilian: 2...e6, Unusual lines} g6 $146 ({Predecessor:} 6... Qc7 7. Bf4 h6 8. Nbd2 a6 9. b4 g5 10. Bg3 g4 11. Ne1 h5 12. bxc5 bxc5 13. f3 Qa5 14. Nc4 Qxc3 15. Nc2 d5 16. exd5 exd5 17. Qe2+ Kd8 18. Be1 Qxa1 19. Ba5+ {1-0 (19) Praet,M (2230)-Beuselinck,S (2164) Belgium 2007}) 7. Bf4 Ngf6 8. Na3 {White is better.} Nh5 9. Be3 a6 10. e5 cxd4 11. cxd4 d5 (11... Bb7 $16) 12. Qd2 Ng7 13. Bg5 Be7 {[#]} 14. Bxe7 $1 Qxe7 15. Rac1 (15. Qh6 $18 Kf8 16. Nc2) 15... O-O $16 16. Qh6 {And now Ng5 would win.} f6 17. exf6 Rxf6 (17... Nxf6 $16 18. Ne5 Bb7) 18. Nc2 ({Don't play} 18. Rc7 $6 Ne8 $16) 18... Nf5 19. Qg5 $40 {[%mdl 128] Black is in trouble.} Rf7 20. Rfe1 Qf6 (20... Rg7 {might work better.} 21. Qf4 Nf6) 21. Bxf5 $18 Qxf5 (21... exf5 $142 22. Ne3 Qxg5 23. Nxg5 Re7 24. Nxd5 Rxe1+ 25. Rxe1 Bb7) 22. Ne3 Qf4 23. Ng4 Kg7 24. Rc7 $4 {[%mdl 8192] [#]} ({Don't take} 24. Rxe6 Qxg5 25. Nxg5 Nf6 $18) (24. h3 $18 {avoids the disaster.}) 24... Qxc7 $19 25. Rxe6 {Nfe5 would now be nice for White.} Qf4 26. Qh4 (26. Ne3 $142) 26... Nf8 {[%mdl 64] Pin. Accuracy: White = 63%, Black = 37%.} 0-1

[Event "Elite Hotels Open 2019"]
[Site "Vaxjo"]
[Date "2019.02.08"]
[Round "4.2"]
[White "Gritsak, Orest"]
[Black "Johansson, Gunnar"]
[Result "1-0"]
[WhiteElo "2466"]
[BlackElo "2259"]
[Annotator "TA"]
[PlyCount "89"]
[EventDate "2019.02.08"]
[EventType "swiss"]
[EventCountry "SWE"]
[SourceTitle "playchess.com"]
[Source "ChessBase"]
[SourceQuality "1"]

{[%evp 20,89,18,22,30,16,23,26,21,0,2,6,12,-10,-6,-8,-8,-7,0,0,0,0,12,0,29,25,21,21,32,30,24,10,11,11,17,10,16,10,11,12,46,-6,-7,-8,0,0,18,0,18,16,16,18,166,196,265,254,339,335,328,176,141,45,47,36,59,47,246,228,379,382,309,288]} 1. Nf3 d5 2. d4 Nf6 3. c4 c6 4. cxd5 cxd5 5. Nc3 Nc6 6. Bf4 a6 7. e3 Bg4 8. h3 Bxf3 9. Qxf3 e6 10. Bd3 Bd6 11. Bg5 h6 {D13: Slav Defence: Exchange variation without ...Bf5} 12. Bxf6 Qxf6 13. Qxf6 gxf6 {[#] White has an edge.} 14. O-O-O $146 ({Predecessor:} 14. Ke2) 14... Rc8 15. Kb1 Ke7 16. g4 h5 17. Be2 hxg4 18. hxg4 Rcg8 19. Bf3 Rxh1 20. Rxh1 Kf8 21. Ne2 Kg7 22. e4 dxe4 23. Bxe4 Rh8 24. Rxh8 Kxh8 $14 {[%mdl 4096] Endgame KBN-KBN} 25. d5 Nd8 26. Kc2 Kg7 27. Kd3 Kh6 28. dxe6 fxe6 29. f4 e5 30. f5 ({White should play} 30. Ng3 $14 Bc5 31. Nf5+ Kg6 32. Ng3+ Kh6 33. Nf5+ Kg6 34. Nh4+ {[%mdl 64] Discovered Attack (Double check)} Kg7 35. fxe5) 30... Kg5 $11 31. Bf3 Kh4 32. Nc3 Nc6 33. Ne4 Be7 34. Kc4 Nd4 35. Bd1 Kh3 (35... Nb5 $1 $11 {and Black is okay.}) 36. Kd5 Kg2 {[#]} (36... Kh4 $142 37. b4 Bxb4) 37. g5 $1 $18 {[%mdl 512]} Nxf5 (37... fxg5 38. f6) 38. Ke6 {Threatens to win with g6.} ({Less strong is} 38. Nxf6 Kg3 $18) ({Weaker is} 38. gxf6 Ne3+ 39. Kxe5 Bxf6+ 40. Nxf6 Nxd1 $16) 38... Ne3 39. Kxe7 (39. Nxf6 $142 Bf8 40. Kf7) 39... fxg5 40. Be2 (40. Bb3 $16) 40... g4 $14 41. Ke6 g3 42. Kxe5 Kh3 $2 {[#]} (42... Kh2 $14 43. Nxg3 Kxg3) 43. Ng5+ $18 Kg2 $2 (43... Kh2 44. Ke4 Nc2 45. Nf3+ Kg2) 44. Bf3+ Kf2 45. Bxb7 {Accuracy: White = 46%, Black = 29%.} 1-0

[Event "Elite Hotels Open 2019"]
[Site "Vaxjo"]
[Date "2019.02.08"]
[Round "4.3"]
[White "Dragicevic, Drazen"]
[Black "Brynell, Stellan"]
[Result "1/2-1/2"]
[WhiteElo "2339"]
[BlackElo "2400"]
[Annotator "TA"]
[PlyCount "120"]
[EventDate "2019.02.08"]
[EventType "swiss"]
[EventCountry "SWE"]
[SourceTitle "playchess.com"]
[Source "ChessBase"]
[SourceQuality "1"]

{[%evp 21,120,6,0,0,0,0,0,0,68,52,54,59,66,61,73,50,50,37,47,47,58,35,77,91,191,122,126,126,126,79,80,75,97,104,122,0,56,0,0,0,0,0,0,-25,0,0,0,-5,-5,-5,-5,-5,-5,-8,0,0,0,-4,0,0,0,0,0,0,0,-5,-5,-5,-5,-5,-5,-5,-5,-5,-5,-5,-5,-5,0,-5,-5,-5,-4,-4,-4,-4,-4,-5,0,-4,0,0,0,0,0,0,0,0,0,0,0]} 1. Nf3 d5 2. d4 Nf6 3. g3 g6 4. Bg2 Bg7 5. O-O O-O 6. Ne5 Ng4 7. Nxg4 Bxg4 8. c4 c6 9. cxd5 cxd5 10. Nc3 Nc6 11. h3 Be6 12. e4 {[%cal Re4d5] D79: Fianchetto Grünfeld: Symmetrical Variation (6 0-0 c6 7 cxd5 cxd5)} Nxd4 {aiming for ...dxe4.} 13. exd5 Bd7 (13... Bf5 14. Bf4 Rc8 15. g4 Bd7 16. Qd2 e5 17. Bg5 Qb6 18. Be7 Rfe8 19. d6 Bc6 {0-1 (59) Liang,A (2589)-Hansen,E (2615) chess.com INT 2019}) 14. Bg5 h6 {[#]} (14... Nf5 $11) 15. Bxh6 $1 $14 {[%mdl 512]} Bxh6 16. Qxd4 Bg7 17. Qe3 Re8 18. h4 Qa5 $146 ({Predecessor:} 18... Qb6 19. Qd2 Rac8 {1-0 (62) Shianovsky,V-Zurakhov,V Kiev 1958}) 19. a3 Rac8 {[%cal Rg7c3]} 20. Rac1 b5 21. Rfe1 a6 22. h5 $36 {[%mdl 2048] White is really pushing.} Bf5 (22... gxh5 $16 {was worth a try.} 23. Bf3 b4) 23. g4 (23. Be4 $18 {Black must now prevent hxg6.} Bxe4 24. Nxe4 (24. Qxe4 gxh5 25. Qf5 Qb6 $16) 24... Bxb2 25. hxg6 Rxc1 26. gxf7+ (26. Rxc1 Bxc1 27. gxf7+ Kxf7 $16) 26... Kxf7 27. Rxc1 Bxc1 28. Qxc1) 23... Bxg4 $16 24. hxg6 fxg6 25. Qg5 Bf5 {[#]} 26. Be4 $1 {[%cal Re4f5]} Bf6 27. Qh6 Bg7 28. Qg5 ({Only move:} 28. Qe3 $16 {Threatens to win with Bxf5.} Bxe4 29. Qxe4) 28... Bf6 $14 29. Qg3 (29. Qe3 $14 Kg7 30. Bxf5 gxf5 31. Qg3+ Kf7 32. Qe3) 29... Qc7 $11 30. Qxc7 Rxc7 31. Bxf5 gxf5 32. Re6 Rd8 (32... Ra8 {is interesting.} 33. Kg2 Kf7 34. Kf3 Rc4 35. Rh1 b4) 33. Rxa6 {The position is equal.} Bxc3 34. Rxc3 Rxc3 35. bxc3 Rxd5 {[%mdl 4096] Endgame KR-KR} 36. a4 bxa4 37. Rxa4 Rc5 38. c4 Kf7 39. Kf1 e5 40. Ke2 Ke6 41. Kd3 Rc6 42. Ra8 e4+ 43. Kd4 Rd6+ 44. Ke3 $1 Rd3+ 45. Ke2 Rc3 46. Re8+ Kd6 47. Rc8 Ke5 48. Kd2 Rf3 49. Ke2 Rc3 50. Kd2 Rd3+ 51. Ke2 f4 52. c5 {[%cal Bc4c5,Bc5c6][%mdl 32]} f3+ 53. Ke1 Rc3 54. Kd2 Rc4 55. c6 Kd6 56. Ke3 Rc2 57. Kxe4 Rxf2 58. Ke3 Rc2 59. Kxf3 Rxc6 60. Rxc6+ Kxc6 {Accuracy: White = 77%, Black = 63%.} 1/2-1/2

[Event "Elite Hotels Open 2019"]
[Site "Vaxjo"]
[Date "2019.02.08"]
[Round "4.4"]
[White "Lindberg, Bengt"]
[Black "Walinder, Lars"]
[Result "1/2-1/2"]
[WhiteElo "2377"]
[BlackElo "2245"]
[Annotator "TA"]
[PlyCount "124"]
[EventDate "2019.02.08"]
[EventType "swiss"]
[EventCountry "SWE"]
[SourceTitle "playchess.com"]
[Source "ChessBase"]
[SourceQuality "1"]

{[%evp 14,124,22,0,0,0,0,4,31,25,25,11,25,32,47,45,97,86,100,108,506,177,189,178,211,199,299,284,460,452,593,564,540,185,264,120,158,157,252,177,162,172,164,123,129,122,118,126,116,93,88,61,145,139,141,72,102,51,56,0,0,0,0,0,80,80,123,118,112,16,17,31,88,0,71,0,0,0,0,0,0,0,0,0,0,0,0,0,0,0,0,0,0,0,0,0,0,0,0,0,0,0,0,0,0,0,0,0,0,0,0,0,0]} 1. e4 e6 2. d4 d5 3. Nc3 Nf6 4. Bg5 dxe4 5. Nxe4 Nbd7 6. Nf3 h6 7. Nxf6+ Nxf6 8. Be3 Bd6 {C10: French with 3 Nc3: Unusual Black 3rd moves and 3...dxe4} 9. Bd3 b6 10. Ne5 (10. Qe2 Bb7 11. O-O-O Nd5 12. c4 Nxe3 13. fxe3 Qe7 14. e4 e5 15. c5 bxc5 16. dxe5 Bxe5 {1-0 (66) Aronian,L (2764)-Kramnik,V (2792) Paris 2018}) 10... Bb7 11. Bb5+ Kf8 12. Qe2 a6 13. Bd3 Qe7 $146 ({Predecessor:} 13... c5 14. O-O-O Qc7 15. f4 Nd5 16. Rhf1 Nxe3 17. Qxe3 cxd4 18. Qxd4 {1-0 (45) Bosiocic,M (2610)-Kovacevic,B (2483) Valpovo 2017}) 14. f4 c5 (14... h5 $14) 15. O-O-O cxd4 16. Bxd4 Bc5 $2 {[%mdl 8192] [#]} (16... h5 $16) 17. Bxc5 $2 (17. Bg6 $1 {[%mdl 512]}) 17... Qxc5 $18 18. Rhe1 Bd5 {[#]} 19. g4 $1 Ke7 (19... Rd8 {was called for.} 20. Bxa6 Kg8) 20. Kb1 (20. Bxa6 Rhd8 $16) 20... b5 $2 (20... Rhe8 21. g5 (21. Bxa6 Ra7 $16 {[%mdl 64] Decoy}) 21... hxg5) 21. g5 Nd7 22. Nxd7 Kxd7 23. Be4 $2 (23. c4 Bc6 24. g6) 23... Rhe8 (23... Rad8 $142 24. Bxd5 exd5) 24. Qf3 (24. Qh5 $18 {has better winning chances.} g6 25. Qf3 (25. Qxh6 Kc6 $16)) 24... Kc6 25. Re3 b4 (25... Kb6 $16) 26. c4 Bxe4+ 27. Rxe4 {Strongly threatening Re5+.} Kc7 28. Re5 ({Weaker is} 28. Qd3 Rad8 $15) 28... Qc6 29. Qe3 Red8 30. Re1 {Threatens to win with Rc5.} Kb7 31. gxh6 gxh6 32. f5 {[%cal Rf5e6]} exf5 (32... Rac8 $14) 33. Rxf5 $16 Rd7 34. Qf4 (34. Qb3 $142) 34... Rad8 35. b3 (35. Rxf7 $16 Qg6+ 36. Rf5) 35... Qg6 36. Kc1 (36. a3 $14) 36... Qg2 $11 37. Qf3+ Qxf3 38. Rxf3 {[%mdl 4096] Endgame KRR-KRR} Kc6 (38... Rd2 $11) 39. Rf6+ $16 Kc5 40. Re5+ Kd4 {[#]} 41. Rff5 (41. Re2 $1 $16) 41... Kc3 $11 {[%csl Gd8][%cal Rd7d1]} 42. Rf3+ Kd4 (42... Rd3 $1 $14 43. Rf1 R8d7) 43. Ref5 ({White should try} 43. Re2 $16) 43... Ke4 (43... Rg8 $11) 44. R5f4+ ({Better is} 44. R3f4+ $16 Ke3 45. Rf1) 44... Ke5 {( -> ...Rd1+). The position is equal.} 45. Rf2 Rd1+ 46. Kc2 Ra1 47. Rf5+ Ke4 48. Rxf7 (48. R2f4+ {feels hotter.} Ke3 49. Rf3+ Ke4 50. R5f4+ Ke5 51. Kb2) 48... Rxa2+ 49. Kb1 Rxf2 50. Rxf2 {KR-KR} Kd3 51. Kb2 Re8 52. Rf3+ Kd4 53. Rh3 h5 54. Rh4+ Kd3 55. Rh3+ Kd4 56. Rxh5 Re2+ 57. Kc1 a5 58. Rh4+ Kc3 {[%cal Re2e1]} 59. Rh3+ Kd4 60. Kd1 Rg2 61. Kc1 Rf2 62. Kd1 Rg2 {Accuracy: White = 50%, Black = 41%.} 1/2-1/2

[Event "Elite Hotels Open 2019"]
[Site "Vaxjo"]
[Date "2019.02.08"]
[Round "4.5"]
[White "Kucuksari, Kaan"]
[Black "Seo, Jung Min"]
[Result "1-0"]
[WhiteElo "2301"]
[BlackElo "2368"]
[Annotator "TA"]
[PlyCount "75"]
[EventDate "2019.02.08"]
[EventType "swiss"]
[EventCountry "SWE"]
[SourceTitle "playchess.com"]
[Source "ChessBase"]
[SourceQuality "1"]

{[%evp 17,75,27,61,1,66,-22,114,86,123,127,131,105,148,143,165,168,242,237,343,335,399,393,410,387,408,390,410,398,408,396,411,411,420,419,479,494,520,511,504,533,526,525,524,518,537,526,548,540,545,528,743,679,671,657,866,859,29997,29998,29998,29999]} 1. d4 d5 2. Nf3 Nf6 3. c4 e6 4. g3 Be7 5. Bg2 O-O 6. O-O c6 7. Nc3 b6 8. Ne5 Bb7 9. e4 Na6 10. Qa4 {E06: Closed Catalan: Early deviations} (10. Bf4 $14) (10. Bf4 dxc4 11. Nxc4 b5 12. Ne3 Qb6 13. a4 Rfd8 14. Be5 Nb4 15. a5 Qa6 16. Qe2 c5 17. d5 Nd7 {0-1 (45) Lodici,L (2402)-Graf,A (2577) Karlsruhe 2017}) 10... Qe8 (10... dxe4 $11 11. Rd1 Qc7) 11. Bg5 (11. Bf4 $14) 11... c5 $146 (11... Nxe4 $11 12. Bxe7 (12. Nxe4 f6 $11) 12... Nxc3) ({Predecessor:} 11... Rd8 12. exd5 cxd5 13. Qxe8 Rfxe8 14. Bxf6 gxf6 15. Ng4 Nc7 16. Rfd1 Ba8 17. cxd5 Nxd5 18. Nxd5 Bxd5 {0-1 (42) Summermatter,D (2360)-Atlas,V (2435) Geneve 1992}) 12. Qxe8 {White is better.} ({Much worse is} 12. cxd5 $6 Qxa4 13. Nxa4 cxd4 $11) 12... Rfxe8 13. exd5 exd5 14. Bxf6 gxf6 15. Ng4 h5 16. Nh6+ Kh7 (16... Kf8 $142 17. Bxd5 (17. Nxd5 cxd4 18. a3 Rad8 $16) 17... Bxd5 18. Nxd5 cxd4) 17. Nf5 $18 cxd4 (17... Nb4 $142 18. Rad1 (18. Nxd5 Nxd5 19. cxd5 Bf8 $16) (18. cxd5 cxd4 19. Nxd4 Bc5 $18) 18... cxd4) 18. Nxd5 Bxd5 19. Bxd5 Rab8 20. Bc6 Bc5 21. Bxe8 Rxe8 22. a3 Re5 23. Nh4 Nc7 24. b4 Bf8 25. Nf3 Re4 26. Rfe1 Rxe1+ 27. Rxe1 {[%mdl 4096] Endgame KRN-KBN} Ne6 28. Rd1 a5 29. bxa5 bxa5 30. Nxd4 Nc5 31. a4 Kg6 32. Nc6 Nxa4 33. Nxa5 Nb2 34. Rd2 Na4 35. Nb3 Kf5 36. Rd5+ Kg4 37. Kg2 {[%csl Gg2][%cal Rh2h3]} f5 38. h4 {Accuracy: White = 75%, Black = 16%.} 1-0

[Event "Elite Hotels Open 2019"]
[Site "Vaxjo"]
[Date "2019.02.08"]
[Round "4.6"]
[White "Hillarp Persson, Tiger"]
[Black "Nilsson, Patrik"]
[Result "1-0"]
[WhiteElo "2558"]
[BlackElo "2169"]
[Annotator "TA"]
[PlyCount "89"]
[EventDate "2019.02.08"]
[EventType "swiss"]
[EventCountry "SWE"]
[SourceTitle "playchess.com"]
[Source "ChessBase"]
[SourceQuality "1"]

{[%evp 23,89,-6,0,-21,2,14,14,10,24,16,39,39,62,34,40,26,89,25,18,14,45,8,79,37,44,14,37,52,34,42,40,29,114,108,108,124,180,175,161,150,141,126,144,110,118,108,85,50,52,52,51,57,60,0,231,36,48,0,449,401,553,540,1187,414,29992,29993,29997,29998]} 1. c4 f5 2. g3 Nf6 3. Bg2 g6 4. Nc3 Bg7 5. d3 Nc6 6. e4 d6 7. Nge2 O-O 8. O-O h6 9. exf5 Bxf5 10. h3 e5 11. Be3 Qd7 12. Kh2 Rae8 {LiveBook: 3 Games. A26: English Opening vs King's Indian with ...Nc6 and d3} 13. d4 $146 ({Predecessor:} 13. Qd2 g5 14. Rae1 Kh8 15. b3 Qf7 16. d4 Qh5 17. d5 Nd4 18. Bxd4 exd4 19. Nxd4 Rxe1 20. Qxe1 {1-0 (33) Scheerer,C (2365)-Fruebing,S (2383) Germany 2014}) 13... exd4 14. Nxd4 Nxd4 {The position is equal.} 15. Bxd4 g5 16. Qd2 Kh8 17. Rae1 c6 18. Rxe8 Rxe8 19. Rd1 Qe6 (19... a6 $11) 20. b3 (20. Bxa7 $16 Qxc4 21. Qxd6) 20... a6 $11 21. Be3 Rd8 22. Qc1 Ne4 (22... Re8 $11) 23. Nxe4 Bxe4 24. Bd4 (24. f3 {feels hotter.} Bf5 25. Re1 Re8 26. Bd2 Qg6 27. f4) 24... Bxd4 (24... Bxg2 {is interesting.} 25. Bxg7+ Kxg7 26. Kxg2 d5 27. cxd5 Qe4+) 25. Rxd4 Bxg2 26. Kxg2 {[%mdl 4096] Endgame KQR-KQR} d5 27. Qd2 Kg8 (27... Qe5 $11 {keeps the balance.}) 28. h4 $16 gxh4 29. Rxh4 Rd6 (29... Kh7 $16) 30. c5 $18 Rd7 31. Rxh6 Qe4+ 32. f3 {[#] White threatens Qg5+ and mate.} Qe5 33. Rg6+ Rg7 34. Rxg7+ Kxg7 $16 {KQ-KQ} 35. Qd3 d4 36. b4 Qd5 $1 37. a3 Qa2+ $1 38. Kh3 (38. Kf1 $14) 38... Qb2 $2 {[#]} (38... Qa1 $1 $11 {and Black is okay.}) 39. Qe4 $2 ({Only move:} 39. f4 $1 $18) 39... Qd2 $1 $14 40. Kg4 {Hoping for Qe7+.} Qe3 $2 {[%mdl 8192]} (40... d3 $1 $11 {and Black has nothing to worry.}) 41. Kf5 $18 Kf7 42. g4 Qc3 43. g5 (43. Qe6+ $142 Kf8 44. Qc8+ Kf7 45. Qxb7+ Kf8 46. Qc8+ Kf7 47. Qb7+ Kf8 48. Qc8+ Ke7 49. Qc7+ Kf8 50. Qd8+ Kf7 51. Qf6+ Ke8 52. Qxc6+ Ke7 53. Qd6+ Ke8 54. Qe6+ Kd8 55. Qd5+ Kc7 56. g5 Qc2+ 57. Qe4) 43... d3 (43... Qe3 $18 44. a4 Kg8) 44. g6+ Kg7 45. Qe7+ {Precision: White = 29%, Black = 38%.} 1-0